000 00325nam a2200121Ia 4500
008 180117s9999 xx 000 0 und d
100 _aby Mary ANgela s Barlongay
245 _aBulacan in Philippine History
260 _c2017
300 _a14-16 pages, 2017 February 5
440 _aPhilippine Panorama
650 _aBULACAN
999 _c353463
_d353463